[Event "Lake Sevan 2017"]
[Site "Yerevan"]
[Date "2017.07.18"]
[Round "5"]
[White "Martirosyan, Haik M"]
[Black "Kovalenko, Igor"]
[Result "1/2-1/2"]
[WhiteElo "2544"]
[BlackElo "2659"]
[Annotator "TA"]
[PlyCount "78"]
[EventDate "2017.??.??"]
[EventCountry "ARM"]
[SourceTitle "playchess.com"]
[Source "ChessBase"]
[SourceQuality "1"]

{[%evp 9,78,26,26,25,34,32,33,25,30,21,36,29,37,32,31,31,45,31,35,33,36,28,72,63,54,37,96,78,81,81,80,82,83,89,81,82,81,20,73,28,24,12,13,12,13,14,32,47,27,8,8,8,8,15,8,6,45,8,17,0,0,0,0,0,8,0,5,5,3,0,7]} 1. d4 d5 2. c4 e6 3. Nf3 Nf6 4. Nc3 a6 5. cxd5 exd5 6. Bg5 {D37: Queen's Gambit Declined: 5 Bf4} (6. Bf4 Bd6 7. Bg3 O-O 8. e3 Bf5 9. Qb3 Bxg3 10. hxg3 Nc6 11. Be2 Qd6 12. O-O Ne7 13. Ne5 h5 {0-1 (39) Karjakin,S (2783)-Adams,M (2761) Shamkir 2017}) 6... Be6 7. e3 Nbd7 8. Bd3 {White is slightly better.} h6 9. Bf4 Be7 10. h3 O-O 11. O-O Re8 $146 ({Predecessor:} 11... c5 12. dxc5 Nxc5 13. Nd4 Rc8 14. Rc1 b5 15. Nxe6 fxe6 16. Bb1 Bd6 17. Re1 Bxf4 18. exf4 {0-1 (47) Volodin,A (2481)-Ehlvest,J (2586) Harjumaa 2010}) 12. Rc1 c6 13. Bh2 Rc8 14. Bb1 b5 15. Ne5 Nb6 16. Ne2 {[%cal Bc3e2,Be2g3,Bg3f5][%mdl 32]} Bd7 17. Ng3 Nc4 (17... Bd6 $14) 18. Nxd7 Nxd7 19. Nf5 {[#] Black must now prevent Qg4.} Nf6 20. b3 Nd6 21. Nxe7+ Qxe7 22. Bd3 Nde4 23. Qe2 (23. f3 $16 Ng5 24. Re1) 23... Nd7 (23... c5 $11 {remains equal.}) 24. Rc2 c5 25. dxc5 Rxc5 26. Rfc1 Rec8 27. a4 {[%cal Ra4b5]} Qf6 (27... Rxc2 {seems wilder.} 28. Rxc2 Rxc2 29. Bxc2 Qa3 30. axb5 axb5 31. Bf4 Qb2) 28. axb5 axb5 29. b4 Rxc2 30. Rxc2 Rxc2 31. Qxc2 Qa1+ 32. Qb1 Qa4 (32... Qc3 $5 {[%cal Re4d2]} 33. Bxb5 Nb6 $14) 33. Bf4 Nc3 {The position is equal.} 34. Qe1 Qxb4 {[#]} 35. Bxb5 $1 {[%mdl 512]} Qxb5 36. Qxc3 Nc5 37. Be5 (37. Qe5 $5 {[%cal Re5d5]}) 37... Ne6 38. Qc8+ Kh7 39. Qc2+ Kg8 {Precision: White = 55%, Black = 50%.} 1/2-1/2

[Event "Lake Sevan 2017"]
[Site "Yerevan"]
[Date "2017.07.18"]
[Round "5"]
[White "Harutyunian, Tigran K"]
[Black "Amin, Bassem"]
[Result "1/2-1/2"]
[WhiteElo "2517"]
[BlackElo "2672"]
[Annotator "TA"]
[PlyCount "76"]
[EventDate "2017.??.??"]
[EventCountry "ARM"]
[SourceTitle "playchess.com"]
[Source "ChessBase"]
[SourceQuality "1"]

{[%evp 21,76,0,0,0,0,0,0,0,0,0,6,0,0,-14,-3,-20,0,-16,-15,-17,-3,0,-8,-11,0,0,9,16,16,10,8,0,0,0,0,0,0,0,0,0,0,0,0,0,0,0,0,0,15,0,15,15,15,0,0,0,15]} 1. Nf3 Nf6 2. c4 g6 3. g3 Bg7 4. Bg2 c6 5. b3 Ne4 6. d4 d5 7. O-O O-O 8. Bb2 Bf5 9. Nbd2 Qa5 10. a3 Nd7 {[%cal Bb8d7,Bd7b6,Bb6c4][%mdl 32] D78: Fianchetto Grünfeld: 6 0-0 c6} 11. b4 Qd8 {LiveBook: 9 Games. The position is equal.} 12. Nh4 (12. Qb3 Ndf6 13. Rfd1 a5 14. b5 dxc4 15. Nxc4 a4 16. Qb4 Nd5 17. Qe1 cxb5 18. Nce5 {0-1 (34) Ponkratov,P (2607)-Mamedov,R (2688) Tallinn 2016}) 12... Nxd2 13. Qxd2 Nb6 14. cxd5 $146 ({Predecessor:} 14. Nxf5 gxf5 15. c5 Nc4 16. Qc2 b5 17. Bc3 e6 18. a4 {1-0 (30) Heimberger,R (2258)-Sulzgruber,R (2241) Austria 2015}) 14... Nc4 15. Qc3 cxd5 16. Nxf5 gxf5 17. Bc1 e6 18. Rd1 Qb6 19. e4 fxe4 {[#]} 20. Bxe4 $1 {[%mdl 512]} a5 {And now ...axb4 would win.} (20... dxe4 21. Qxc4) 21. Bc2 axb4 22. Qd3 $1 {[%csl Gc2][%cal Rd3h7]} f5 23. Rb1 $1 Rfc8 (23... Bxd4 $5 24. Qxd4 Qxd4 25. Rxd4 Nxa3 26. Bxa3 bxa3 $11) 24. Rxb4 Qc6 25. Qe2 Bf8 26. Rxc4 dxc4 {[#]} 27. d5 $1 {[%cal Rd5c6][%mdl 512]} exd5 {aiming for ...Re8.} 28. Bxf5 Re8 $1 {[%cal Re8e2]} 29. Qh5 {[%csl Gf5][%cal Rh5h7]} h6 30. Qg4+ Bg7 31. Bd7 $40 {[%mdl 128] Black needs to defend precisely.} Qf6 {Strongly threatening ...Re7.} 32. Bxe8 Rxe8 33. Be3 Re5 34. Qc8+ Kh7 (34... Qf8 $5 {[%cal Rf8c8]} 35. Qxb7 Qf3 36. Qb8+ Kh7 37. Qb1+ Kg8 $11) 35. Qxb7 Qf3 $1 {[%cal Rf3d1]} 36. Qb1+ Kg8 37. Qb8+ Kh7 38. Qb1+ Kg8 {Precision: White = 68%, Black = 72%.} 1/2-1/2

[Event "Lake Sevan 2017"]
[Site "Yerevan"]
[Date "2017.07.19"]
[Round "6"]
[White "Kovalenko, Igor"]
[Black "Kravtsiv, Martyn"]
[Result "1/2-1/2"]
[WhiteElo "2659"]
[BlackElo "2657"]
[Annotator "TA"]
[PlyCount "177"]
[EventDate "2017.??.??"]
[EventCountry "ARM"]
[SourceTitle "playchess.com"]
[Source "ChessBase"]
[SourceQuality "1"]

{[%evp 25,177,0,0,0,0,0,0,0,0,0,27,14,34,17,38,43,29,0,0,-46,-25,-102,-8,-66,-25,-110,-47,-127,-118,-104,-141,-155,-135,-144,-163,-137,-127,-152,-142,-163,-150,-168,-97,-84,-111,-157,-132,-177,-200,-414,-308,-299,-302,-388,-293,-270,-265,-254,-252,-319,-291,-293,-192,-222,-190,-200,-176,-361,-347,-366,-290,-415,-405,-452,-454,-467,-441,-446,-371,-903,-879,-823,-809,-741,-686,-644,-582,-583,-482,-408,-241,-234,-170,-430,-421,-427,-249,-685,-238,-231,-14,-15,-15,-15,0,0,0,0,0,0,0,0,0,0,0,0,0,0,0,0,0,0,0,0,0,0,0,0,0,0,0,0,0,0,0,0,0,0,0,0,0,0,0,-8,-8,-8,-8,-8,-8,-8,-8,-8,-8,-8]} 1. d4 Nf6 2. c4 e6 3. Nc3 d5 4. cxd5 Nxd5 5. e3 c5 6. Nf3 Nc6 7. Bd3 Be7 8. O-O O-O 9. a3 Nxc3 10. bxc3 b6 11. Qe2 Bb7 12. Bb2 Na5 {E12: Queen's Indian: Unusual White 4th moves, 4 a3, 4 Nc3 Bb7 5 a3 and 4 Nc3 Bb7} (12... Rc8 13. Rad1 cxd4 14. cxd4 Bf6 15. Nd2 Na5 16. f4 g6 17. Nf3 Qd5 18. e4 Qd8 19. Ne5 Bg7 20. f5 exf5 21. exf5 Bd5 22. Qf2 {0-1 (52) Korobov,A (2692)-Anton Guijarro,D (2650) Doha 2016}) 13. e4 Qc7 {LiveBook: 5 Games} 14. Rfe1 Rfd8 15. Rad1 Bf8 16. h4 $146 ({Predecessor:} 16. Ne5 Bd6 17. Nf3 c4 18. Bc2 Qe7 19. e5 Bxa3 20. Bxa3 Qxa3 21. Bxh7+ Kxh7 {1-0 (34) Cadena,G (2142)-Dominguez,R (2196) Mosquera 2014}) 16... h6 17. h5 cxd4 18. cxd4 Rac8 19. d5 exd5 20. e5 Nc4 21. Ba1 Re8 $1 22. Nh4 Qd8 23. g3 (23. Nf5 $11) 23... b5 ({Black should try} 23... Rc7 $17 24. Nf5 Bc8) 24. Kh2 (24. Qf3 $11 Qg5 25. Bf5) 24... Rc6 (24... Nxa3 25. Qf3 $17) 25. f4 (25. Qf3 $11 Bc8 26. Be4) 25... Ra6 (25... Bxa3 26. Qg4 $14) ({Black should play} 25... Qc7 $17 26. Nf5 Bc8) 26. Bd4 (26. Qg4 $15 Bc8 27. Nf5) 26... Bc8 $1 $36 {[%mdl 2048] Black is in control.} ({Much worse is} 26... Rxa3 $6 27. Bb1 $11) ({Worse is} 26... Bxa3 27. Qg4 $16) 27. Ra1 Ra4 ({Much weaker is} 27... Bxa3 $6 28. Bc2 $11) 28. Qd1 Nxa3 29. Nf5 Qd7 30. g4 Qd8 31. Kg3 {White wants to play Bxb5!} a6 32. Re2 Bd7 33. Rea2 Bxf5 (33... Qc7 $19 34. Rc1 Qa5) 34. Bxf5 Qc7 35. Rd2 a5 36. Rc1 Nc4 37. Bb1 $2 (37. Rd3) 37... Ra3+ 38. Rd3 Bc5 39. Rcc3 Bxd4 40. Rxa3 Nxa3 41. Rxa3 Bb6 42. Rd3 Qc5 43. Kh3 Qb4 44. Qc1 Qc4 45. Rc3 Qe2 {aiming for ...b4.} 46. Bf5 $2 (46. Rg3) 46... Bf2 $19 47. Qh1 d4 48. Rf3 (48. Rd3 $142) 48... Be3 49. Bd7 Rd8 50. e6 fxe6 51. Bxe6+ Kh8 52. Bb3 $2 (52. Qg2 Qe1 53. Rf1) 52... a4 53. Bd1 Qc4 54. Qe1 Rf8 55. Be2 Qd5 56. Qb4 Rb8 57. Kg3 Qc6 (57... d3 $142 58. Rxe3 dxe2 59. Rxe2 Qd3+ 60. Kf2 Rc8) 58. Bd3 Ra8 59. Rf1 $2 (59. g5) 59... a3 60. Qe7 {[#]} a2 (60... b4 $142 $1 61. Qf7 (61. Qxb4 a2) 61... Qe8) 61. Ra1 $2 {[#]} (61. Be4 Qe8 62. Qxe8+ Rxe8 63. Bd5) 61... Re8 $2 (61... Bxf4+ $1 {[%mdl 512]} 62. Kxf4 Re8) 62. Qf7 {[#]} Bd2 $2 (62... Bxf4+ $1 $19 {[%mdl 512]} 63. Qxf4 Qc3) 63. Rxa2 {The position is equal.} Re3+ 64. Kh2 {[%cal Rf7f8]} Rxd3 (64... Rh3+ $5 65. Kxh3 Qf3+ 66. Kh2 Bxf4+ 67. Kg1 Be3+ 68. Kh2 Qxf7 69. Ra8+ {[#]} Qg8 $1 {[%mdl 512]} 70. Rxg8+ Kxg8 $15) 65. Qf8+ Kh7 {Threatens to win with ...Rh3+!} 66. Qf5+ Kg8 67. Qxd3 Bxf4+ $11 {[%mdl 4096] Endgame KQR-KQB} 68. Kg1 Be3+ 69. Kh2 Bf4+ 70. Kg1 Be3+ 71. Kh2 Qd6+ 72. Kh3 {Ra8+ would kill now.} Qd5 {( -> ...Qf3+)} 73. Qe2 d3 74. Qg2 Qxg2+ 75. Kxg2 {Strongly threatening Kf3. KR-KB} d2 76. Ra8+ Kf7 77. Rd8 Bg5 78. Rd3 Ke6 79. Kf3 Ke5 80. Ke2 Kf4 81. Rd4+ Kg3 82. Rb4 Bf4 83. Rxb5 Kxg4 84. Rb7 Kxh5 {...Kg6 is the strong threat.} 85. Rxg7 Bg5 86. Rd7 Kg4 87. Kf2 h5 88. Kg2 (88. Rxd2 $5 Bxd2 89. Kg2 $11) 88... h4 {[#]} 89. Rxd2 $1 {[%mdl 512] Precision: White = 44%, Black = 57%.} 1/2-1/2

[Event "Lake Sevan 2017"]
[Site "Yerevan"]
[Date "2017.07.19"]
[Round "6"]
[White "Nabaty, Tamir"]
[Black "Ter-Sahakyan, Samvel"]
[Result "1-0"]
[WhiteElo "2650"]
[BlackElo "2605"]
[Annotator "TA"]
[PlyCount "101"]
[EventDate "2017.??.??"]
[EventCountry "ARM"]
[SourceTitle "playchess.com"]
[Source "ChessBase"]
[SourceQuality "1"]

{[%evp 23,101,14,17,13,13,0,11,15,10,4,11,0,0,-8,0,-27,-32,-37,-37,-43,-43,-243,-248,-255,-245,-256,-245,-243,-243,-206,-50,-49,-50,-45,0,0,0,0,14,14,14,15,93,86,93,52,116,129,164,119,204,192,147,157,217,220,284,282,304,294,304,310,303,305,303,310,300,296,295,287,277,246,461,441,414,396,448,427,509,509]} 1. d4 d5 2. c4 c6 3. cxd5 cxd5 4. Bf4 Nc6 5. e3 Nf6 6. Nc3 Bf5 7. Qb3 Na5 8. Qa4+ {D10: Slav Defence: 3 cxd5 (without early Nf3) and 3 Nc3} Bd7 9. Qc2 e6 10. Nf3 Be7 11. Bd3 Nc6 12. a3 Nh5 {LiveBook: 32 Games} 13. Be5 f6 {[#]} 14. Bf4 $146 (14. Bg3 $5) ({Predecessor:} 14. Bg3 f5 {0-1 (29) Brunello,S (2580)-Eljanov,P (2702) Legnica 2013}) 14... f5 15. Be5 Nf6 16. h3 Ne4 17. g4 O-O 18. gxf5 Rxf5 19. Nxe4 {aiming for Ned2.} Rxf3 20. Nd2 Nxe5 21. dxe5 Rf8 22. Rg1 $2 ({Of course not} 22. Bxh7+ Kh8 $17) (22. O-O $15) 22... Bh4 $1 $19 23. Rg2 {[#]} Bxf2+ $1 {[%mdl 512]} 24. Rxf2 Qh4 $1 {[%csl LRf2,LRh3]} 25. Nf1 Rf3 {And now ...Raf8 would win.} 26. Rd1 Rc8 $2 (26... Raf8 $19 {[%cal Rf3f2]} 27. Rdd2 Ba4) 27. Bxh7+ $1 $15 Kh8 28. Rd4 $1 {[%cal Rd4h4]} Rxc2 29. Rxh4 Rcxf2 30. Nd2 Rf8 {Threatens to win with ...Rh2.} (30... Rxd2 $5 31. Kxd2 Rf2+ 32. Kc3 Rh2 $11) 31. Bf5+ Kg8 32. Kxf2 exf5 $11 {[%mdl 4096] Endgame KRB-KRN} (32... g5 $11 {keeps the balance.} 33. Rh5 Rxf5+ 34. Nf3 Kg7) 33. Rb4 $16 b6 34. Rd4 Be6 (34... Kf7 $14) 35. Nf3 Re8 36. Rd3 Rc8 (36... Kf7 $16 {was worth a try.}) 37. Ng5 $1 $18 {[%cal Rg5e6]} Bf7 38. Rc3 Rc4 {[#]} (38... Rxc3 $16 39. bxc3 Bh5) 39. Ke2 $1 Kf8 40. Kd3 Ke7 {[#]} 41. b3 $1 {[%cal Rb3c4]} Rc5 42. Kd4 Rxc3 43. Kxc3 {KB-KN} Bh5 44. h4 Bd1 45. b4 Ba4 46. Kd4 Bb3 47. Nh3 Ba2 $2 (47... Kd7 48. Nf4 Bd1) 48. Nf4 Bb3 49. Nh5 Kf7 {[#]} 50. e6+ $1 {[%cal Be5e6,Be6e7][%mdl 544]} Kg6 (50... Kxe6 51. Nxg7+) 51. e7 {Precision: White = 80%, Black = 49%.} 1-0

[Event "Lake Sevan 2017"]
[Site "Yerevan"]
[Date "2017.07.19"]
[Round "6"]
[White "Swiercz, Dariusz"]
[Black "Martirosyan, Haik M"]
[Result "1-0"]
[WhiteElo "2637"]
[BlackElo "2544"]
[Annotator "TA"]
[PlyCount "81"]
[EventDate "2017.??.??"]
[EventCountry "ARM"]
[SourceTitle "playchess.com"]
[Source "ChessBase"]
[SourceQuality "1"]

{[%evp 16,81,24,16,35,41,50,52,65,59,92,101,88,91,120,141,129,85,92,85,104,98,86,89,106,83,113,80,111,97,117,105,100,106,105,96,130,118,131,110,121,120,135,135,148,150,143,131,136,96,266,164,152,139,340,304,496,487,482,478,656,629,1002,969,1002,996,971,953]} 1. e4 e6 2. d4 d5 3. Nc3 dxe4 4. Nxe4 Nd7 5. Nf3 Be7 6. Bd3 Ngf6 7. Be3 {C10: French with 3 Nc3: Unusual Black 3rd moves and 3...dxe4} (7. Qe2 c5 8. Nxc5 Nxc5 9. dxc5 Qa5+ 10. Bd2 Qxc5 11. Ne5 O-O 12. O-O-O Rd8 13. a3 Qc7 14. Bg5 Rd5 15. f4 h6 16. h4 Bd7 17. g4 {½-½ (77) Macieja,B (2529)-Cordova,E (2645) Leon 2017}) 7... Nxe4 8. Bxe4 c5 9. c3 {LiveBook: 3 Games. White has an edge.} O-O 10. Qc2 $146 ({Predecessor:} 10. Bc2 cxd4 11. Bxd4 Bf6 12. Qd3 g6 13. O-O-O Qc7 14. h4 e5 15. Be3 {1-0 (26) Thorhallsson,T (2437)-Thuesen,M (2235) Ballerup 2014}) 10... f5 11. Bd3 Qc7 12. Qb3 Nb6 {[#] Strongly threatening ...c4.} 13. dxc5 Nd5 14. Bd4 Bxc5 15. O-O Kh8 16. Bc4 Bxd4 17. cxd4 Bd7 18. Bxd5 exd5 19. Rac1 {[%cal Ba1c1,Bc1c3,Bc3h3][%mdl 32]} Bc6 20. Ne5 f4 21. Rc3 Qd6 22. Qc2 Be8 23. Rh3 {[%csl Gh3][%cal Rc2h7] [#]} h6 24. Rc1 Kg8 25. Rc3 Qb4 26. Qd2 Rd8 27. a3 Qb6 28. Rc5 Rd6 29. Rc8 Rdf6 30. f3 Ba4 31. R1c7 Rf5 32. Qb4 Bb5 $2 (32... Qxb4 $16 {was worth a try.} 33. axb4 Rxc8 34. Rxc8+ Rf8) 33. Qc5 Qxc5 34. Rxc5 Ba6 $2 (34... Rxc8 $16 35. Rxc8+ Rf8) 35. R8c7 $18 Rd8 $2 (35... b6) 36. Re7 {White is clearly winning.} Kh7 37. b4 {[%cal Bb2b4,Bb4b5][%mdl 32]} Rg5 38. Nf7 Rf8 39. Nxg5+ hxg5 40. b5 b6 41. Rxd5 {Precision: White = 69%, Black = 27%.} ({Not} 41. bxa6 bxc5 42. dxc5 Rc8 $18) 1-0

[Event "Lake Sevan 2017"]
[Site "Yerevan"]
[Date "2017.07.19"]
[Round "6"]
[White "Gabuzyan, Hovhannes"]
[Black "Harutyunian, Tigran K"]
[Result "1/2-1/2"]
[WhiteElo "2569"]
[BlackElo "2517"]
[Annotator "TA"]
[PlyCount "54"]
[EventDate "2017.??.??"]
[EventCountry "ARM"]
[SourceTitle "playchess.com"]
[Source "ChessBase"]
[SourceQuality "1"]

1. Nf3 {Program Activation Required} d5 2. g3 Nf6 3. Bg2 e6 4. O-O Be7 5. c4 O-O 6. Qc2 d4 {A14: English Opening: 1...e6 with b3 by White} 7. d3 Nc6 8. a3 a5 9. e3 e5 10. exd4 Nxd4 11. Nxd4 Qxd4 12. Be3 Qg4 13. Nc3 Qh5 {[#]} 14. f3 $146 ({NOTEXT:} 14. Nd5 Nxd5 15. cxd5 {1-0 (46) Nakamura,H (2816)-Azarov,S (2580) Las Vegas 2015}) 14... Bh3 15. Rad1 Rfd8 16. Qe2 Bxg2 17. Kxg2 Ra6 18. Rfe1 Re6 19. Ne4 Qg6 20. Bd2 Nh5 21. Kh1 f5 22. Nc3 Bc5 23. Nd5 c6 24. Nf4 Nxg3+ 25. hxg3 Qxg3 26. Nxe6 Qh3+ 27. Qh2 Qxf3+ 1/2-1/2

[Event "Lake Sevan 2017"]
[Site "Yerevan"]
[Date "2017.07.19"]
[Round "6"]
[White "Petrosyan, Manuel"]
[Black "Amin, Bassem"]
[Result "0-1"]
[WhiteElo "2553"]
[BlackElo "2672"]
[Annotator "TA"]
[PlyCount "64"]
[EventDate "2017.??.??"]
[EventCountry "ARM"]
[SourceTitle "playchess.com"]
[Source "ChessBase"]
[SourceQuality "1"]

{[%evp 16,64,45,38,49,33,6,6,35,20,34,8,34,38,39,35,33,38,32,39,34,44,41,17,12,-310,-307,-381,-389,-384,-385,-532,-510,-478,-293,-919,-511,-486,-422,-416,-416,-427,-423,-414,-418,-446,-441,-470,-433,-459,-460]} 1. Nf3 Nf6 2. c4 g6 3. g3 Bg7 4. Bg2 O-O 5. O-O d6 6. d4 Nc6 7. Nc3 a6 8. Bd2 Bd7 9. b3 {LiveBook: 4 Games. E63: King's Indian: Fianchetto: Panno Variation with 7...a6} e5 $146 ({Predecessor:} 9... e6 10. h3 Rb8 11. d5 Ne7 12. dxe6 Bxe6 13. Nd4 Bd7 14. a4 Re8 15. a5 d5 16. Bg5 dxc4 17. bxc4 {½-½ (34) Ruck,R (2460)-Mohr,G (2430) Buekfuerdo 1995}) 10. dxe5 dxe5 11. Qc1 {The position is equal.} Re8 (11... e4 $5 {[%cal Re4f3]} 12. Nh4 Nd4 $11) 12. Bg5 Qc8 13. Nd2 Nd4 14. e3 Ne6 15. Bxf6 $1 Bxf6 16. Nde4 Bg7 17. Nd5 Kh8 18. Nef6 Rd8 19. Qa3 Bc6 20. Rac1 $2 {[%mdl 8192]} (20. Rad1 $11 {and White has nothing to worry.}) 20... Bxf6 $1 $19 21. Nxf6 Bxg2 22. Kxg2 Ng5 23. Kh1 {With the idea f4.} Qh3 {[#] White must now prevent ...Nf3.} 24. Rg1 Rd6 ({Not} 24... Nf3 25. Rg2 $17) 25. Qc5 $2 (25. Nd5 Nf3 26. Rg2) 25... Rxf6 26. Qxe5 {[#]} Qxh2+ $1 {[%mdl 512]} 27. Kxh2 Nf3+ 28. Kg2 Nxe5 29. Rgd1 Ng4 30. Rc2 c5 {Black is clearly winning.} 31. Rd7 b6 32. Rcd2 Re8 {Precision: White = 35%, Black = 69%.} 0-1

[Event "Lake Sevan 2017"]
[Site "Yerevan"]
[Date "2017.07.20"]
[Round "7"]
[White "Amin, Bassem"]
[Black "Gabuzyan, Hovhannes"]
[Result "1/2-1/2"]
[WhiteElo "2672"]
[BlackElo "2569"]
[Annotator "TA"]
[PlyCount "99"]
[EventDate "2017.??.??"]
[EventCountry "ARM"]
[SourceTitle "playchess.com"]
[Source "ChessBase"]
[SourceQuality "1"]

{[%evp 20,99,20,4,49,25,29,35,58,32,81,57,70,68,87,73,74,60,58,52,91,75,84,56,54,53,70,61,60,60,72,72,98,89,149,145,234,229,162,38,38,46,40,47,58,60,55,41,37,45,46,42,77,30,37,35,41,0,0,0,25,0,0,0,0,0,14,0,0,0,0,0,0,0,0,0,0,0,0,0,0,0]} 1. e4 c5 2. Nf3 d6 3. g3 Nc6 4. Bg2 g6 5. O-O Bg7 6. d3 e6 7. c3 e5 8. a3 Nge7 9. b4 O-O 10. Nbd2 b6 {A04: Unusual lines after 1 Nf3 and King's Indian Attack} (10... h6 11. b5 Na5 12. c4 Be6 13. a4 b6 14. Nb1 f5 15. Bd2 fxe4 16. Bxa5 exf3 17. Bxf3 bxa5 18. Bxa8 Qxa8 19. f3 e4 {0-1 (19) Kozul,Z (2613)-Leko,P (2693) Tallinn 2016}) 11. Bb2 {LiveBook: 5 Games} Qc7 12. Rb1 $146 (12. d4 $5) ({Predecessor:} 12. Rc1 Bb7 13. d4 Rad8 14. bxc5 bxc5 15. d5 {1-0 (56) Blomqvist,E (2515)-Frederic,C (2205) Lille 2016}) 12... Ba6 {White has an edge.} 13. Nc4 cxb4 14. cxb4 Bb7 15. Rc1 Qd7 16. d4 {[%cal Rd4e5]} exd4 17. Nxd4 Ne5 18. Nf5 Nxf5 19. Bxe5 Rad8 20. Bxg7 (20. exf5 dxe5 21. Qxd7 Rxd7 $11) 20... Nxg7 21. Qd4 Ne6 22. Qf6 Ba6 23. Rfd1 Bxc4 24. Rxc4 Qa4 25. Rd3 Nc5 26. Rd5 Rc8 ({Black should try} 26... Qb3 27. Qc3 Qxc3 28. Rxc3 Ne6) 27. Rc3 $16 ({Stronger than} 27. Rxd6 Nxe4 28. Bxe4 (28. Rxe4 Rc1+ 29. Bf1 Qb5 $19) 28... Rxc4 $11) 27... Nb3 (27... Ne6 $16 28. Rxd6 Rcd8 29. Rxd8 Rxd8) 28. Bf1 $18 ({Weaker is} 28. Rxd6 Qxa3 29. Rxc8 Rxc8 $16) 28... Qxa3 29. Rxd6 ({Better is} 29. Qf3 $18 Rxc3 30. Qxc3) 29... Qxb4 $14 30. Rxc8 Rxc8 31. e5 Qc3 $1 32. Rd3 Qb2 $1 33. Rd7 Rf8 34. h4 {[#] Hoping for Kh2.} Nc5 35. Rxa7 Ne6 36. Kh2 Qd4 37. Bh3 Nc5 38. Kg1 Qd1+ 39. Kh2 {[#] Intending e6 and mate.} Qd4 40. Bg2 Nd3 {The position is equal.} 41. Qd6 Qxd6 42. exd6 Nxf2 $11 {[%mdl 4096] Endgame KRB-KRN} 43. Bd5 Ng4+ 44. Kh3 Nf6 45. Bb3 Kg7 46. Re7 {And now d7 would win.} Ng8 $1 {[%cal Rg8e7]} 47. Rb7 {With the idea Bxf7.} Nf6 48. Re7 {aiming for d7.} Ng8 $1 {[%cal Rg8e7]} 49. Rc7 {Bxf7! is the strong threat.} Nf6 50. Re7 {Precision: White = 61%, Black = 60%.} 1/2-1/2

[Event "Lake Sevan 2017"]
[Site "Yerevan"]
[Date "2017.07.20"]
[Round "7"]
[White "Kravtsiv, Martyn"]
[Black "Swiercz, Dariusz"]
[Result "1-0"]
[WhiteElo "2657"]
[BlackElo "2637"]
[Annotator "TA"]
[PlyCount "113"]
[EventDate "2017.??.??"]
[EventCountry "ARM"]
[SourceTitle "playchess.com"]
[Source "ChessBase"]
[SourceQuality "1"]

{[%evp 9,113,24,24,24,43,21,38,21,21,29,21,30,31,21,32,25,34,35,33,31,42,33,31,29,40,39,34,46,60,55,53,42,34,30,35,30,46,40,37,37,47,44,56,40,100,38,81,17,70,21,88,67,74,70,78,73,97,98,110,112,130,144,129,124,219,204,197,215,255,253,328,313,301,193,193,191,202,190,358,349,417,415,400,333,408,399,399,392,399,364,495,463,509,507,1356,1356,1356,1349,1349,1349,1337,1305,1268,1225,1102,1025]} 1. Nf3 Nf6 2. c4 g6 3. Nc3 d5 4. cxd5 Nxd5 5. h4 Bg7 6. e4 {A16: English Opening: 1...Nf6 with ...d5} Nxc3 7. dxc3 Qxd1+ 8. Kxd1 {White is slightly better.} Nd7 9. Nd4 e5 $146 ({Predecessor:} 9... c5 10. Nc2 Ne5 11. Ne3 Bd7 12. a4 Bc6 13. f3 {½-½ (42) Vidit,S (2670)-Gupta,A (2607) Reykjavik 2017}) 10. Nb5 Kd8 $1 11. Kc2 a6 12. Na3 b5 13. Nb1 Bb7 14. f3 f5 15. exf5 gxf5 16. a4 c6 17. Bd3 Rf8 18. Be3 Kc7 19. Nd2 Nb6 20. axb5 cxb5 21. Nb3 Nd5 22. Bc5 Rf7 23. Rhe1 Re8 24. Rad1 e4 25. fxe4 fxe4 26. Be2 {Bh5 is the strong threat.} Re5 ({Black should play} 26... e3 $14) 27. g4 (27. Na5 $16) 27... e3 {[#]} 28. Nc1 (28. Rf1 $1 $16 {[%cal Rf1f7]} Rf2 29. Nc1) 28... Re6 (28... Bf8 $11 29. Nd3 Re8) 29. Nd3 (29. Rf1 $5 {[%cal Rf1f7]} Nf4 30. Nd3 $14) 29... h6 (29... Bf8 $11 {keeps the balance.}) 30. Rf1 Rxf1 31. Rxf1 Rf6 32. Rg1 $36 {[%mdl 2048] Black is under strong pressure.} Rf7 33. g5 hxg5 34. hxg5 {[%cal Bh4g5,Bg5g6][%mdl 32]} Bc8 35. g6 Rf5 36. Rh1 {[#] Strongly threatening Rh7.} Nf6 (36... Kc6 $16) 37. Bxe3 $18 Bb7 38. Rh4 Be4 39. Bd4 Rg5 40. Rxe4 $1 Nxe4 41. Bxg7 Rxg6 42. Be5+ Kb6 43. Nf4 Rh6 $2 (43... Rg8 44. b4 Re8) 44. Bf3 Nd6 45. Nd5+ Kc6 46. Nb4+ Kd7 47. Nxa6 Nc4 48. Nc5+ Ke7 49. Bf4 Rh3 50. Be2 {White is clearly winning.} Rh1 51. b3 {[%cal Bb2b3,Bb3b4][%mdl 32]} Nd6 (51... Nb6 $142 52. Bxb5 Nd5 53. Bg5+ Kd6) 52. Bxd6+ Kxd6 53. b4 Rh2 54. Kd2 Kc6 55. Nb3 Kd5 56. Nd4 Rh4 57. Nxb5 {Precision: White = 85%, Black = 42%.} 1-0